01124nam a2200133 4500008004100000100002100041245010200062260000900164300001300173520073300186650004000919700001800959773001300977190520b ||||| |||| 00| 0 eng d aDhaka, Rajvir S. aThe RTI regime in urban segments of the most backward district of India, a study of Nuh (Haryana) c2018 ap.29-39. aThis paper seeks to explore the extent to which the RTI regime has been institutionalized in the urban segments of Nuh district of Haryana by administering an interview schedule to the information providers of four key departments. The information gathered through these has been cross-checked through participatory observation. It has been informed that the information providers are lacking in culture of transparency and also lack the needed competence to perform their role. This, however, cannot be ascribed to the backwardness of the district. Hence, it has been suggested that training programmes should be organized for their capacity building and orientation programmes be held for changing their mindset. - Reproduced. aCapacity building - India - Haryana aThapar, Anuja aNagarlok